Finish The Cartoon - Statistics

General Stats
  • This quiz has been taken 391 times
    378 since last reset
  • The average score is 14 of 19
Answer Stats
Hint Answer % Correct
Scooby Doo
96%
The Powerpuff Girls
96%
Tom and Jerry
95%
Teenage Mutant Ninja Turtles
94%
South Park
93%
Family Guy
92%
Sonic The Hedgehog
90%
Ed, Edd 'n' Eddy
89%
Dragon Ball Z
89%
Looney Tunes
88%
Johnny Bravo
76%
Pinky and the Brain
74%
Dexter's Laboratory
74%
Cow and Chicken
66%
Hey Arnold
65%
The Wild Thornberrys
42%
The Cramp Twins
27%
Mona the Vampire
24%
I Am Weasel
23%
No matching quizzes found
Score Distribution
Percent of People with Each Score
Percentile by Number Answered
Your Score History
You have not taken this quiz since the last reset